000 00503nam a2200205Ia 4500
999 _c10168
_d10168
003 0100
005 20170601104814.0
008 130303s9999 xx 000 0 und d
020 _a821410741
040 _cARRUPELIB
050 _aDT2959.S86 1994
100 _aSummers, Carol
_931857
245 _aFrom civilization to segregation
245 _bsocial control in southern Rhodesia
260 _bOhio University Press
_aAthens
_c1994
300 _axv
300 _b 311p. 24cm
650 _aZimbabwe
_xHistory
_y1890-1965
_931858
650 _aZimbabwe
_xRace relations
_929800
650 _aZimbabwe
_xSocial conditions
_y1890-1965
_931859
700 _aCarol Summers
_931860
942 _2lcc
_cMONOGRAPH